| 000 | 01593nmm a2200301 a 4500 | ||
|---|---|---|---|
| 001 | 0000016499 | ||
| 003 | CO-CtgCURN | ||
| 005 | 20250331183904.0 | ||
| 007 | co cga---uuuuu | ||
| 007 | ta | ||
| 008 | 160627s2006 i eng d | ||
| 020 | _a9701511735 | ||
| 040 |
_aCO-CtgCURN _bspa _ccoctgcurn |
||
| 082 | 0 |
_a005.117 _bL959 |
|
| 100 | 1 | _aLópez Roman, Leobardo. | |
| 245 | 1 | 0 |
_aMetodología de la programacion orientada a objetos _h[electronic resource] / _cLeobardo López Roman. |
| 250 | _a5ø reimpresion, 2010. | ||
| 260 |
_aMexico : _bAlfaomega, _c2006. |
||
| 300 | _a453 p. + 1 Cd - Rom. | ||
| 336 | _2rdacontent | ||
| 337 |
_2rdamedia _asin mediacion _bn |
||
| 338 |
_2rdacarrier _avolumen _bnc |
||
| 505 | 8 | _aIntroducción a la programacion.--Elementos para solucionar problemas en pseudocódigo.--La secuenciacion.--La selección.--La repeticion DO...While.--La repeticion FOR.--La repeticion WHILE.--Arreglos.--Metodos.--Programacion orientada a objetos usando el diagrama de clases.--Programacion orientada a objetos aplicando la estructura de secuenciacion.--Programacion orientada a objetos aplicando las estructuras de selección.--Programacion orientada a objetos aplicando las estructuras de repeticion.--Programacion orientada a objetos aplicando arreglos.--Programacion orientada a objetos usando herencia.--Programacion orientada a objetos usando polimorfismo | |
| 650 | 1 | 4 | _aProgramacion (Computadores electronicos) |
| 908 | _a160627 | ||
| 942 |
_cBK _h005.117 _iL959 _2ddc |
||
| 999 |
_c16518 _d16518 |
||